The mystified boat: Postmodern stories from China
Gespeichert in:
| 1. Verfasser: | |
|---|---|
| Format: | Buch |
| Sprache: | Undetermined |
| Veröffentlicht: |
Hawai, HN
1988
|
| Schlagworte: | |
| Tags: |
Tag hinzufügen
Keine Tags, Fügen Sie den ersten Tag hinzu!
|
| Thư viện lưu trữ: | Trung tâm Học liệu Trường Đại học Cần Thơ |
|---|
| LEADER | 00511nam a2200169Ia 4500 | ||
|---|---|---|---|
| 001 | CTU_59088 | ||
| 008 | 210402s9999 xx 000 0 und d | ||
| 082 | |a 895.13 | ||
| 082 | |b M998 | ||
| 100 | |a Ge Fei ... [et al.] | ||
| 245 | 4 | |a The mystified boat: Postmodern stories from China | |
| 245 | 0 | |c Ge Fei ... [et al.]; Edited by Frank Stewart and Herbert J. Batt | |
| 260 | |b Hawai, HN | ||
| 260 | |c 1988 | ||
| 650 | |a chinese fiction | ||
| 904 | |i Minh | ||
| 980 | |a Trung tâm Học liệu Trường Đại học Cần Thơ | ||